[Event "South Wales op 20th"]
[Site "Bridgend"]
[Date "2025.07.08"]
[Round "7"]
[White "Gomez, Daniel3"]
[Black "Stubbs, Oliver"]
[Result "1/2-1/2"]
[WhiteElo "2009"]
[BlackElo "2208"]
[PlyCount "85"]
[EventDate "2025.07.04"]
[EventType "swiss"]
[EventRounds "9"]
[EventCountry "WLS"]
[SourceTitle "CB29_2025"]
[SourceDate "2025.07.16"]
[SourceVersion "1"]
[SourceVersionDate "2025.07.16"]
[SourceQuality "1"]

1. e4 e6 2. d4 d5 3. Nc3 Nf6 4. e5 Nfd7 5. Nce2 c5 6. c3 Nc6 7. f4 Be7 8. Nf3 0-0 9. Be3 f6 10. g3 Qb6 11. Qb3 Qa6 12. Qc2 fxe5 13. dxe5 b5 14. Bh3 Kh8 15. 0-0 b4 16. Bxe6 Ndxe5 17. Bxd5 Bf5 18. Qd2 Nc4 19. Bxc4 Qxc4 20. Nc1 Rad8 21. Qe2 Qe4 22. Qf2 bxc3 23. bxc3 Bh3 24. Re1 Bg4 25. Nd2 Qc2 26. Qg2 Qxc3 27. Ncb3 Nb4 28. Rac1 Qf6 29. Ne4 Qf7 30. Nexc5 Nd5 31. Bd4 Bf6 32. Qf2 h6 33. Bxf6 Nxf6 34. Nd4 Rfe8 35. Nc6 Rxe1+ 36. Rxe1 Rc8 37. Ne5 Qd5 38. Nb3 Bf5 39. Qd4 Qb7 40. Nc4 Bh3 41. Re2 Qf3 42. Rf2 Qc6 43. Ne3 1/2-1/2

[Event "South Wales op 20th"]
[Site "Bridgend"]
[Date "2025.07.04"]
[Round "2"]
[White "Stubbs, Oliver"]
[Black "Van Kemenade, Rudy"]
[Result "1-0"]
[WhiteElo "2208"]
[BlackElo "1926"]
[PlyCount "59"]
[EventDate "2025.07.04"]
[EventType "swiss"]
[EventRounds "9"]
[EventCountry "WLS"]
[SourceTitle "CB29_2025"]
[SourceDate "2025.07.16"]
[SourceVersion "1"]
[SourceVersionDate "2025.07.16"]
[SourceQuality "1"]

1. Nf3 d6 2. d4 Nf6 3. Nc3 c6 4. a4 Nbd7 5. e4 Qa5 6. Bd3 e5 7. 0-0 Be7 8. Re1 h6 9. Ne2 Nf8 10. Bd2 Qc7 11. Ng3 g6 12. Bc3 N6d7 13. Bc4 Bf6 14. a5 b5 15. axb6 Nxb6 16. Ba2 Ne6 17. d5 cxd5 18. exd5 Nf4 19. Ne4 Be7 20. Bxe5 dxe5 21. d6 Qb8 22. dxe7 Kxe7 23. Nxe5 Qxe5 24. Nc5 Qxe1+ 25. Qxe1+ Ne6 26. Qe4 Bd7 27. Bxe6 Bxe6 28. Nxe6 fxe6 29. Re1 Rae8 30. Qxg6 1-0

[Event "Calvia Amateur op 21st"]
[Site "Calvia"]
[Date "2024.10.07"]
[Round "3"]
[White "Stubbs, Oliver"]
[Black "Schuurmans, Arjan"]
[Result "1-0"]
[WhiteElo "2131"]
[BlackElo "1919"]
[PlyCount "81"]
[EventDate "2024.10.05"]
[EventType "swiss"]
[EventRounds "9"]
[EventCountry "ESP"]
[SourceTitle "CB45_2024"]
[Source "ChessBase"]
[SourceDate "2024.11.06"]
[SourceVersion "1"]
[SourceVersionDate "2024.11.06"]
[SourceQuality "1"]

1. d4 Nf6 2. Nf3 g6 3. Bf4 Bg7 4. e3 0-0 5. Be2 c5 6. 0-0 b6 7. h3 Bb7 8. c3 d6 9. Nbd2 Nbd7 10. Bh2 Qc7 11. Re1 Bc6 12. a4 a6 13. Bd3 e5 14. dxe5 Nxe5 15. Nxe5 dxe5 16. Nc4 Nd5 17. e4 Nf4 18. Bf1 Rfd8 19. Qb3 b5 20. axb5 axb5 21. Rxa8 Rxa8 22. Na3 Qb7 23. Nxb5 Bxe4 24. Bxf4 exf4 25. Qc4 Bc6 26. Qxc5 Bf8 27. Qc4 Ra5 28. Nd4 Bd5 29. Qe2 Ra2 30. Qe5 f3 31. Nxf3 Rxb2 32. Nd4 Qa8 33. c4 Bb7 34. Ne6 Qa2 35. Nxf8 Rxf2 36. Re2 Rxe2 37. Bxe2 Qb1+ 38. Kh2 Kxf8 39. Qb8+ Kg7 40. Bf3 Be4 41. Qe5+ 1-0

[Event "Calvia Amateur op 21st"]
[Site "Calvia"]
[Date "2024.10.05"]
[Round "1"]
[White "Stubbs, Oliver"]
[Black "O`Kelly, David"]
[Result "1-0"]
[WhiteElo "2131"]
[BlackElo "1777"]
[PlyCount "43"]
[EventDate "2024.10.05"]
[EventType "swiss"]
[EventRounds "9"]
[EventCountry "ESP"]
[SourceTitle "CB45_2024"]
[Source "ChessBase"]
[SourceDate "2024.11.06"]
[SourceVersion "1"]
[SourceVersionDate "2024.11.06"]
[SourceQuality "1"]

1. d4 d5 2. Nf3 Nf6 3. Bf4 g6 4. e3 Bg7 5. h3 0-0 6. Nbd2 c5 7. c3 Nc6 8. dxc5 Re8 9. Bb5 Nd7 10. Nb3 e5 11. Bh2 d4 12. Bxc6 bxc6 13. cxd4 Ba6 14. dxe5 Qe7 15. Qd6 Qe6 16. Qxe6 Rxe6 17. 0-0-0 Nxe5 18. Nxe5 Rae8 19. Nf3 Be2 20. Nfd4 Bxd1 21. Nxe6 Bxb3 22. Nxg7 1-0

[Event "Newport op"]
[Site "Newport"]
[Date "2024.08.17"]
[Round "2"]
[White "Szakmany, Bence"]
[Black "Stubbs, Oliver"]
[Result "0-1"]
[WhiteElo "1901"]
[BlackElo "2114"]
[PlyCount "124"]
[EventDate "2024.08.16"]
[EventType "swiss"]
[EventRounds "5"]
[EventCountry "WLS"]
[SourceTitle "EXT 2025"]
[Source "ChessBase"]
[SourceDate "2024.10.14"]
[SourceVersion "1"]
[SourceVersionDate "2024.10.14"]
[SourceQuality "1"]

1. e4 e6 2. d4 d5 3. exd5 exd5 4. h3 Bd6 5. Nf3 Ne7 6. c4 c6 7. c5 Bc7 8. Bd3 h6 9. 0-0 0-0 10. b4 Bf5 11. Re1 Bxd3 12. Qxd3 Ng6 13. g3 Re8 14. Rxe8+ Qxe8 15. Nc3 Nd7 16. Bd2 Nf6 17. Re1 Qd7 18. Kg2 Re8 19. b5 Rxe1 20. Nxe1 Ne7 21. Nc2 Ba5 22. bxc6 Nxc6 23. Nd1 Bc7 24. Qf3 Qe6 25. Nde3 b6 26. cxb6 Bxb6 27. Bc3 g6 28. Ng4 Nxg4 29. Qxg4 h5 30. Qf3 Ne7 31. Ne3 Qe4 32. Qxe4 dxe4 33. f3 f5 34. fxe4 fxe4 35. Nc4 Nd5 36. Bb2 Bc7 37. Nd2 Ne3+ 38. Kh2 Nd1 39. Ba3 e3 40. Nc4 e2 41. Bb4 h4 42. Kg2 Bxg3 43. Kf3 e1Q 44. Bxe1 Bxe1 45. Ke2 Nf2 46. Kxe1 Nxh3 47. Ke2 g5 48. Kf3 Nf4 49. Ne5 Kg7 50. a4 Kf6 51. Nc6 Kf5 52. Ne7+ Ke6 53. Nc6 a6 54. Kg4 h3 55. Kg3 Kf5 56. d5 g4 57. Kh2 Nxd5 58. Nb8 Kf4 59. Nxa6 Kf3 60. Nc5 Nf4 61. a5 g3+ 62. Kh1 Ne2 0-1

[Event "BCF-ch"]
[Site "Hull"]
[Date "2024.08.01"]
[Round "6"]
[White "Stubbs, Oliver"]
[Black "Dicen, Elis Denele"]
[Result "1-0"]
[WhiteElo "2146"]
[BlackElo "2060"]
[PlyCount "157"]
[EventDate "2024.07.27"]
[EventType "swiss"]
[EventRounds "9"]
[EventCountry "ENG"]
[SourceTitle "CBM 221 Extra"]
[Source "ChessBase"]
[SourceDate "2024.09.30"]
[SourceVersion "1"]
[SourceVersionDate "2024.09.30"]
[SourceQuality "1"]

1. d4 d5 2. Nf3 Nf6 3. Bf4 e6 4. e3 Bd6 5. Nbd2 0-0 6. c3 c5 7. Bd3 Qc7 8. Bxd6 Qxd6 9. Ne5 b6 10. f4 Ba6 11. Bc2 Nc6 12. g4 cxd4 13. exd4 Nd7 14. Nxd7 Qxd7 15. Qf3 Rac8 16. Qe3 Qd6 17. 0-0-0 b5 18. a3 Na5 19. h4 f6 20. Rde1 Rc6 21. f5 exf5 22. Bxf5 Bc8 23. Qe7 Qf4 24. Qe3 Qd6 25. Kb1 Nc4 26. Nxc4 bxc4 27. Ka2 Rb6 28. Qe7 Qb8 29. Re2 g6 30. Bxc8 Qxc8 31. h5 Rb7 32. Qd6 Qd7 33. Re6 Qb5 34. Qb4 Qd7 35. Rd6 Qf7 36. hxg6 hxg6 37. Qc5 Rfb8 38. Rh2 Rb5 39. Qc6 Qb7 40. Qxb7 R8xb7 41. Rxf6 Kg7 42. g5 R5b6 43. Rf3 a6 44. Rfh3 Kf7 45. Rh7+ Ke6 46. Re2+ Kd6 47. Rh8 Rd7 48. Rg8 Kc7 49. Ree8 Rdd6 50. a4 Rbc6 51. a5 Kb7 52. Ka3 Rc7 53. Rb8+ Ka7 54. Ra8+ Kb7 55. Rgb8+ Kc6 56. Rxa6+ Kd7 57. Rxd6+ Kxd6 58. Rb6+ Kd7 59. Rxg6 Kc8 60. Rd6 Kb7 61. Rxd5 Ka6 62. Rc5 Rb7 63. Rxc4 Rb5 64. Rc6+ Ka7 65. Rc5 Rb7 66. g6 Ka6 67. Rg5 Rg7 68. Kb3 Ka7 69. Kc4 Ka6 70. Kd5 Rb7 71. Ke6 Rxb2 72. Rg3 Ka7 73. g7 Rb7 74. g8Q Rc7 75. Rg7 Rxg7 76. Qxg7+ Ka8 77. Kd6 Kb8 78. Kc6 Kc8 79. Qc7# 1-0

[Event "South Wales op 19th"]
[Site "Bridgend"]
[Date "2024.07.09"]
[Round "7"]
[White "Stubbs, Oliver"]
[Black "Heij, Jacco"]
[Result "0-1"]
[WhiteElo "2146"]
[BlackElo "1960"]
[PlyCount "112"]
[EventDate "2024.07.05"]
[EventType "swiss"]
[EventRounds "9"]
[EventCountry "WLS"]
[SourceTitle "CBM 221 Extra"]
[Source "ChessBase"]
[SourceDate "2024.09.30"]
[SourceVersion "1"]
[SourceVersionDate "2024.09.30"]
[SourceQuality "1"]

1. e4 e5 2. Nf3 Nc6 3. Bc4 Bc5 4. c3 Nf6 5. d3 d6 6. 0-0 a6 7. b4 Ba7 8. a4 h6 9. Re1 0-0 10. Nbd2 Re8 11. h3 Be6 12. Bxe6 Rxe6 13. Qc2 Nh5 14. Nb3 Rg6 15. b5 Qf6 16. Nh2 Nd8 17. d4 Ne6 18. Ng4 Qh4 19. Qd3 Nef4 20. Bxf4 Nxf4 21. Qg3 Qe7 22. Qf3 h5 23. Ne3 Qe6 24. d5 Qxh3 25. Qxh3 Nxh3+ 26. Kf1 Nf4 27. bxa6 bxa6 28. g3 Nd3 29. Red1 Nc5 30. Nxc5 Bxc5 31. Nf5 Rf6 32. Ke2 Bxf2 33. Rf1 Rb8 34. Ra2 Bc5 35. Ne7+ Kh7 36. Rxf6 gxf6 37. Kd3 Kh6 38. Ra1 Rb2 39. Rh1 Rg2 40. Nf5+ Kg5 41. Rh3 Ra2 42. Ng7 Rxa4 43. Rh1 Ra2 44. Nxh5 a5 45. Ng7 a4 46. Nf5 a3 47. Rh7 Kg4 48. Rxf7 Ra1 49. Kc2 Re1 50. Kb3 Rxe4 51. Rxf6 Re2 52. Ng7 Rb2+ 53. Kc4 a2 54. Rf1 Rb1 55. Rxb1 axb1Q 56. Nh5 Qf1+ 0-1

[Event "South Wales op 19th"]
[Site "Bridgend"]
[Date "2024.07.06"]
[Round "3"]
[White "Marusenko, Petr"]
[Black "Stubbs, Oliver"]
[Result "1/2-1/2"]
[WhiteElo "1994"]
[BlackElo "2146"]
[PlyCount "98"]
[EventDate "2024.07.05"]
[EventType "swiss"]
[EventRounds "9"]
[EventCountry "WLS"]
[SourceTitle "CBM 221 Extra"]
[Source "ChessBase"]
[SourceDate "2024.09.30"]
[SourceVersion "1"]
[SourceVersionDate "2024.09.30"]
[SourceQuality "1"]

1. d4 Nf6 2. c4 g6 3. Nc3 Bg7 4. e4 d6 5. Be2 0-0 6. Bg5 c5 7. d5 e6 8. Nf3 exd5 9. exd5 Qb6 10. 0-0 Bg4 11. Qd2 Nbd7 12. Rae1 Rfe8 13. Bd1 a6 14. b3 Qb4 15. Nb1 Qxd2 16. Nbxd2 b5 17. Bc2 Bxf3 18. Nxf3 Ng4 19. Nd2 Bc3 20. Rxe8+ Rxe8 21. Ne4 Be5 22. h3 Ngf6 23. Re1 Nxe4 24. Rxe4 bxc4 25. bxc4 Rb8 26. Bc1 Kg7 27. g4 Bb2 28. Bd2 Ne5 29. Kg2 Bd4 30. Bb3 Nd3 31. Be3 Bxe3 32. Rxe3 Nc1 33. Kf3 Rb4 34. Rc3 Nxb3 35. axb3 Kf6 36. h4 h6 37. Ke4 a5 38. f4 a4 39. bxa4 Rxa4 40. g5+ Kg7 41. f5 gxf5+ 42. Kxf5 h5 43. Ke4 Ra1 44. Rf3 Rd1 45. Ke3 Re1+ 46. Kd3 Rh1 47. Rf4 Rh3+ 48. Kd2 Rg3 49. Ke2 Rh3 1/2-1/2

[Event "BCF-chT3E 2224 (4NCL)"]
[Site "England"]
[Date "2024.05.05"]
[Round "10.21"]
[White "Stubbs, Oliver"]
[Black "Larchikov, Maksym"]
[Result "1/2-1/2"]
[WhiteElo "2212"]
[BlackElo "2136"]
[PlyCount "56"]
[EventDate "2023.11.11"]
[EventType "team-tourn"]
[EventRounds "11"]
[EventCountry "ENG"]
[SourceTitle "EXT 2025"]
[Source "ChessBase"]
[SourceDate "2024.10.14"]
[SourceVersion "1"]
[SourceVersionDate "2024.10.14"]
[SourceQuality "1"]
[WhiteTeam "Poole Patzers"]
[BlackTeam "Hull & East Riding Tigers"]
[WhiteTeamCountry "ENG"]
[BlackTeamCountry "ENG"]

1. d4 d5 2. Nf3 Nf6 3. Bf4 e6 4. e3 Bd6 5. Nbd2 0-0 6. c3 c5 7. Bd3 Nc6 8. Bg3 b6 9. Qe2 Qc7 10. Bxd6 Qxd6 11. e4 dxe4 12. Nxe4 Nxe4 13. Bxe4 f5 14. Bxc6 Qxc6 15. 0-0-0 Bb7 16. dxc5 Rfe8 17. Ne5 Qxc5 18. f4 Rad8 19. Kb1 Be4+ 20. Ka1 b5 21. Rhg1 b4 22. cxb4 Qxb4 23. g4 Rxd1+ 24. Rxd1 Qb6 25. gxf5 Bxf5 26. Qc4 Rd8 27. Rc1 h6 28. Qc3 Kh7 1/2-1/2